| 000 | 00474nam a22001697a 4500 | ||
|---|---|---|---|
| 005 | 20251108164849.0 | ||
| 008 | 250721s9999 xx 000 0 ara d | ||
| 082 | 1 | 4 | _a641.35/سام |
| 100 | 1 | _aمحمود، سامي | |
| 245 | 1 | 0 | _aكيف تعيش نباتيا / |
| 264 | 1 |
_aالاسكندرية : _bالمركز العربي والتوزيع، _c[19-]. |
|
| 300 | _a227ص | ||
| 650 | 1 | 7 | _aالصحة |
| 650 | 1 | 7 | _aالخضروات |
| 942 |
_2ddc _cBK |
||
| 999 |
_c16162 _d16162 |
||